000
00264nam a2200109Ia 4500
008
200302s9999 xx 000 0 und d
100
_a
David Walsh & Others
245
_a
Autocad 13 Secrets
260
_b
Comdex Comprter Publishing
260
_c
1997
300
_a
740 P.,
999
_c
950
_d
950